000 00300nam a22001457a 4500
008 210511b ||||| |||| 00| 0 eng d
020 _a9780789310279
041 _aeng
080 _a7
082 _a7
100 _a44
101 _aART
245 _aThe Last Supper
_cVinci,L.D
942 _2udc
_cBK
999 _c57265
_d57265